[Event "EU-ch U16"]
[Site "Bratislava"]
[Date "2019.08.02"]
[Round "1"]
[White "Juksta, Karolis"]
[Black "Dixa, Oskar"]
[Result "1-0"]
[WhiteElo "2259"]
[BlackElo "1968"]
[PlyCount "53"]
[EventDate "2019.08.02"]
[EventType "swiss"]
[EventRounds "9"]
[EventCountry "SVK"]
[SourceTitle "CBM 191 Extra"]
[Source "ChessBase"]
[SourceDate "2019.09.30"]
[SourceVersion "1"]
[SourceVersionDate "2019.09.30"]
[SourceQuality "1"]

1. d4 Nf6 2. c4 e6 3. Nc3 Bb4 4. e3 d5 5. a3 Bxc3+ 6. bxc3 0-0 7. cxd5 exd5 8. Bd3 c5 9. Ne2 c4 10. Bb1 Re8 11. 0-0 Nbd7 12. f3 b6 13. Ng3 Bb7 14. Ra2 Qc7 15. Re2 Rad8 16. Qe1 Nf8 17. e4 N6d7 18. e5 b5 19. f4 a5 20. Nf5 Re6 21. Qg3 Ng6 22. h4 h5 23. Nh6+ gxh6 24. f5 Ree8 25. fxg6 f6 26. Bxh6 fxe5 27. g7 1-0

[Event "POL-chT U20 1st League"]
[Site "Kudowa Zdroj"]
[Date "2018.07.25"]
[Round "5.8"]
[White "Dixa, Oskar"]
[Black "Galuszka, Tomasz"]
[Result "0-1"]
[WhiteElo "1929"]
[BlackElo "1989"]
[PlyCount "100"]
[EventDate "2018.07.21"]
[EventType "team-tourn"]
[EventRounds "9"]
[EventCountry "POL"]
[SourceTitle "CBM 186 Extra"]
[Source "ChessBase"]
[SourceDate "2018.08.24"]
[SourceVersion "1"]
[SourceVersionDate "2018.08.24"]
[SourceQuality "1"]

1. e4 c6 2. d4 d5 3. Nc3 dxe4 4. Nxe4 Bf5 5. Ng3 Bg6 6. h4 h6 7. f4 e6 8. Nf3 Nd7 9. h5 Bh7 10. Bd3 Bxd3 11. Qxd3 Ngf6 12. Bd2 c5 13. 0-0-0 cxd4 14. Nxd4 Nc5 15. Qb5+ Qd7 16. Qxd7+ Ncxd7 17. f5 e5 18. Nb3 0-0-0 19. Bc3 Nh7 20. Ne4 Ng5 21. Nbd2 Be7 22. Rhe1 Rhe8 23. Nf3 Nxe4 24. Rxe4 f6 25. Rg4 Bf8 26. Nd2 Nb8 27. Bb4 Bxb4 28. Rxb4 Nc6 29. Rc4 Kb8 30. c3 Ne7 31. Rf1 Nd5 32. Rf2 Nf4 33. Rf3 Nd3+ 34. Kb1 Nxb2 35. Rb4 Rxd2 36. Rxb2 Rxb2+ 37. Kxb2 e4 38. Re3 Kc7 39. Kc2 Kd6 40. Rg3 Re7 41. c4 Ke5 42. Ra3 b6 43. Kd2 Kxf5 44. Rb3 Kg4 45. Rb5 f5 46. a4 f4 47. Ke2 Kg3 48. Rf5 f3+ 49. gxf3 exf3+ 50. Kf1 Rc7 0-1

[Event "Wloclawek CC Classic 21st"]
[Site "Wloclawek"]
[Date "2018.??.??"]
[Round "2"]
[White "Szarfemberg, Pawel"]
[Black "Dixa, Oskar"]
[Result "0-1"]
[WhiteElo "1532"]
[BlackElo "1856"]
[PlyCount "112"]
[EventDate "2018.06.??"]
[EventType "swiss"]
[EventRounds "7"]
[EventCountry "POL"]
[SourceTitle "EXT 2021"]
[Source "ChessBase"]
[SourceDate "2020.10.23"]
[SourceVersion "1"]
[SourceVersionDate "2020.10.23"]
[SourceQuality "1"]

1. d4 Nf6 2. Bg5 d5 3. Bxf6 exf6 4. e3 Bd6 5. c4 c6 6. Nc3 Be6 7. cxd5 cxd5 8. Bb5+ Nd7 9. Qf3 a6 10. Ba4 0-0 11. Nge2 b5 12. Bb3 Nb6 13. 0-0 Nc4 14. Bxc4 bxc4 15. Nf4 Bxf4 16. Qxf4 Rb8 17. Rab1 Qd7 18. Rfd1 Rb7 19. e4 Rfb8 20. Rd2 h6 21. f3 a5 22. a3 Rb3 23. Qe3 f5 24. Qe1 fxe4 25. fxe4 Qb7 26. Nxd5 Bxd5 27. exd5 Qxd5 28. Qe5 Qxe5 29. dxe5 c3 30. Rd5 cxb2 31. Rd2 Kf8 32. Kf2 Ke7 33. Ke1 Ke6 34. Rf2 R8b7 35. g4 a4 36. Re2 R7b5 37. Kd1 Rxa3 38. Rexb2 Rab3 39. Rxb3 axb3 40. Kd2 Kxe5 41. Rf1 Ke4 42. Kc1 f6 43. Kb2 Rg5 44. h3 h5 45. gxh5 Rxh5 46. Rg1 g5 47. Rg3 f5 48. Rxb3 f4 49. Kc2 f3 50. Kd2 Rxh3 51. Rb4+ Kf5 52. Ke3 Kg6 53. Kf2 Kh5 54. Rb5 Kh4 55. Rb6 Rg3 56. Re6 g4 0-1